An introduction to experimental physics / (Record no. 30379)
[ view plain ]
| 000 -LEADER | |
|---|---|
| fixed length control field | 01016 a2200205 4500 |
| 020 ## - INTERNATIONAL STANDARD BOOK NUMBER | |
| International Standard Book Number | 1857285794 |
| 020 ## - INTERNATIONAL STANDARD BOOK NUMBER | |
| International Standard Book Number | 9781857285796 |
| 082 ## - DEWEY DECIMAL CLASSIFICATION NUMBER | |
| Classification number | 530 |
| 090 ## - LOCALLY ASSIGNED LC-TYPE CALL NUMBER (OCLC); LOCAL CALL NUMBER (RLIN) | |
| -- | 1772 |
| -- | 1772 |
| 100 1# - MAIN ENTRY--PERSONAL NAME | |
| Personal name | Cooke, Colin. |
| 245 13 - TITLE STATEMENT | |
| Title | An introduction to experimental physics / |
| Statement of responsibility, etc. | Colin Cooke. |
| 250 ## - EDITION STATEMENT | |
| Edition statement | 1st ed. |
| 260 ## - PUBLICATION, DISTRIBUTION, ETC. | |
| Place of publication, distribution, etc. | [S.l.] : |
| Name of publisher, distributor, etc. | UCL Press, |
| Date of publication, distribution, etc. | 1996. |
| 300 ## - PHYSICAL DESCRIPTION | |
| Extent | 136 p. ; |
| Dimensions | 24 cm. |
| 520 ## - SUMMARY, ETC. | |
| Summary, etc. | Understanding, designing and conducting experiments is at the heart of science. This text introduces the fundamental principles on which physicists should build a thorough experimental approach to their discipline. |
| 942 ## - ADDED ENTRY ELEMENTS (KOHA) | |
| Institution code [OBSOLETE] | SNS |
| Koha item type | Book |
| Call number prefix | 530 COO |
| Withdrawn status | Lost status | Damaged status | Not for loan | Permanent Location | Current Location | Date acquired | Total Checkouts | Full call number | Barcode | Date last seen | Price effective from | Koha item type |
|---|---|---|---|---|---|---|---|---|---|---|---|---|
| School of Natural Sciences (SNS) | School of Natural Sciences (SNS) | 05/26/2016 | 530 COO | SNS0002075 | 05/26/2016 | 05/26/2016 | Book | |||||
| School of Natural Sciences (SNS) | School of Natural Sciences (SNS) | 05/26/2016 | 530 COO | SNS0002076 | 05/26/2016 | 05/26/2016 | Book | |||||
| School of Natural Sciences (SNS) | School of Natural Sciences (SNS) | 05/26/2016 | 530 COO | SNS0002077 | 05/26/2016 | 05/26/2016 | Book |
